00564nam a2200217Ia 450000500170000000800410001702000150005808200130007310000130008624500210009926000320012030000170015265000100016965000160017965000110019565000110020665000130021794200060023095200950023699900150033120240822061937.0240331s9999 xx 000 0 und d a0862329833 bSMYa613 aSmyke, P 0aWomen and health aLondonbZed Books Ltdc1991 aix, 182 p ., aWomen aDevelopment aHealth aSocial aEconomic cL 001040708LaWERCLbWERCLcSSCd2024-03-31l0o 613 SMYp1130r2024-03-31w2024-03-31yL c4456d4456